Normal view
MARC view
- Lectoescritura
Entry Materia
Number of records used in: 827
001 - NÚMERO DE CONTROL DEL REGISTRO
- campo de control: 2985
003 - IDENTIFICADOR DE NUMERO DE CONTROL
- campo de control: MX-MxUPN
005 - FECHA Y HORA DE LA ÚLTIMA TRANSACCIÓN
- campo de control: 20250224103032.0
008 - DATOS DE LONGITUD FIJA
- campo de control de longitud fija: 250224n| acnnnbabn | ana |d
035 ## - NÚMERO DE CONTROL DEL SISTEMA
- Número de control del sistema: UPN10000002985
040 ## - FUENTE DE LA CATALOGACIÓN
- Centro catalogador de origen: MX-MxUPN
- Lengua de catalogación: spa
- Agencia de transcripción: MX-MxUPN
053 #4 - NÚMERO CLASIFICADOR - BIBLIOTECA DEL CONGRESO (LC)
- Elemento numérico de la clasificación - Número único o no. inicial del rango: LB1050.43
150 ## - ENCABEZAMIENTO - TEMÁTICO
- Término de materia o nombre geográfico como elemento inicial: Lectoescritura
550 ## - VÉASE ADEMÁS - MATERIA
- Encabezamiento temático o nombre geográfico como elemento de entrada: Aprendizaje de la lectoescritura
550 ## - VÉASE ADEMÁS - MATERIA
- Encabezamiento temático o nombre geográfico como elemento de entrada: Enseñanza de la lectoescritura
670 ## - FUENTE EN LA QUE SE LOCALIZARON DATOS
- Cita de la fuente: I
902 ## - CATALOGADOR
- Catalogador: MCM/170297
